| 000 | 00647 a2200157 4500 | ||
|---|---|---|---|
| 003 | Nust | ||
| 005 | 20221220120039.0 | ||
| 040 | _cNust | ||
| 082 | _a128.3, CHI | ||
| 100 |
_aJoseph Chiari _9105336 |
||
| 245 |
_aRealism and Imagination _cJoseph Chiari |
||
| 260 |
_alondon _bBarrie _c1960 |
||
| 300 | _a216,p.; | ||
| 505 | _aThe Comfort Of Words (Page-7), Reality And Its Apprehension (Page-18), Realism And Imagination Throughout The Centuries (Page-38), Realism And Naturalism As Aesthetic Creeds (Page-72), Realism And Abstraction (Page-84), Art And Reality (Page-99), Symbolism And Reality (Page-109), Tragedy (Page-146). | ||
| 942 |
_2ddc _cBK |
||
| 999 |
_c193729 _d193729 |
||